Física cuántica /

Guardado en:
Autor Principal: Rojo Asenjo, Onofre
Otros Autores: Mcintosh, Harold V.
Formato: Libro
Publicado: Washignton : O.e.a., 1971
Materias:
Etiquetas: Agregar Etiqueta
Sin Etiquetas, Sea el primero en etiquetar este registro!
LEADER 01122nam a22002055a 4500
001 CEM.cems005540
005 20060221000000.0
008 130507s1971##################000#0#####d
003 CEMS
082 0 4 |a 539 
100 1 |a Rojo Asenjo, Onofre 
245 1 0 |a Física cuántica / 
260 |a Washignton :  |b O.e.a.,  |c 1971 
300 |a 52 p. 
505 0 |a Volumen y cantidad de materia. Peso, masa, peso especifico y densidad. Sistemas materiales. Mezcla, combinación y descomposición. Atomos y moleculas. Clasificación de las sustancias simples. Modelos cientifico y atomico de la materia. Uniones químicas. Transformaciónes químicas. Reacciónes químicas. Oxidos. Indicadores-pH. Acidos. Hidroxidos. Los acidos, las bases y algunas de sus propiedades. Neutralización- Sales. Estequiometria. Clasificación periodica. Química del carbono. Hidrocarburos. Alcoholes. Aldehidos y cetonas. Acidos organicos o carboxilicos. Funciónes nitrogenadas 
653 |a Física 
653 |a Física cuantica 
653 |a Mecanica cuantica 
700 1 |a Mcintosh, Harold V. 
859 |a CEMS  |b BIB. CEMS - 11 de abril  |h 539  |i R638  |p 9953.81  |t Ej.1